| 000 | 00647nam a2200217Ia 4500 | ||
|---|---|---|---|
| 999 |
_c36013 _d36013 |
||
| 001 | 1912 | ||
| 003 | GE_BSU | ||
| 005 | 20221010135114.0 | ||
| 008 | 181216s2005ru xx |||||||||||||| ||rus|| | ||
| 020 | _a5949094921 | ||
| 040 | _cGE_BSU | ||
| 041 | _arus | ||
| 080 | _a347.7 В-84 | ||
| 245 |
_aВсе виды договоров : _bОбразцы |
||
| 264 |
_aМосква : _bКнига сервис, _c2005. |
||
| 300 |
_a464 с. _b19 см. |
||
| 653 | _aВсе виды договоров | ||
| 653 | _aყველა სახის ხელშეკრულება | ||
| 653 | _aსამართალი | ||
| 942 |
_cBK _2udc |
||